000 00670nam a2200265Ia 4500
003 OSt
005 20221006144822.0
006 a|||||r|||| 00| 0
007 ta
008 221006b |||||||| |||| 00| 0 eng d
020 _c127.00
024 _a12,828
037 _cTextual
040 _aEASL
_cEASL
_beng
041 _2eng
_aeng
082 _aV41:1949F.N76, L7
100 _aHOON Khaw Guat
_9652960
245 0 _aAnalysis of China's attitudes toards asean 1967-76
260 _c1977
300 _a232p.
_ccm.
490 _v CEL
650 _aCEL
942 _hV41:1949F.N76, L7
_cTEXL
_2CC
999 _c1080914
_d1080914